000 00299nam a2200157Ia 4500
100 _aDeep/Sen
650 _aGeneral
942 _cBK
366 _f20
245 _aYes you can
260 _bMagna Publishers
_c2003
082 _a371.4
_bDEP
300 _a263
546 _aENGLISH
999 _c25673
_d25673